Estatísticas para Hino Nacional Brasileiro

Clique aqui para jogar o quiz

Estatísticas Gerais

  • Esse quiz foi jogado 5 997 vezes
  • A pontuação média é 95 de 122

Estatísticas das Respostas

Palavra% Correto
ó
100%
o
100%
Ó
100%
à
98%
A
98%
Ipiranga
96%
De
96%
de
96%
e
96%
E
96%
do
96%
margens
95%
plácidas
94%
Pátria
93%
um
92%
povo
92%
Ouviram
91%
Liberdade,
91%
Brasil,
90%
Se
90%
Brasil!
90%
as
90%
da
90%
amada,
89%
raio
89%
amada!
89%
sol
89%
retumbante,
88%
heroico
88%
céu
86%
céu,
86%
no
86%
És
83%
igualdade
83%
Em
83%
és
83%
brado
83%
em
83%
forte,
83%
teu
82%
penhor
82%
instante.
82%
nesse
81%
Salve!
81%
Brilhou
81%
braço
80%
seio,
79%
Idolatrada,
78%
dessa
78%
própria
78%
morte!
77%
raios
77%
Terra
75%
com
75%
terra
75%
peito
74%
conquistar
74%
Conseguimos
72%
sonho
69%
amor
68%
esperança
66%
vívido,
65%
nosso
64%
desce,
64%
Cruzeiro
62%
límpido,
61%
fúlgidos,
61%
risonho
60%
intenso,
59%
formoso
59%
imagem
59%
resplandece.
57%
natureza,
57%
Desafia
56%
colosso,
55%
Gigante
55%
pela
54%
tu,
54%
belo,
52%
gentil,
52%
mãe
52%
futuro
50%
mil
50%
Entre
50%
outras
49%
grandeza.
49%
filhos
48%
essa
45%
adorada
44%
solo
42%
espelha
42%
Dos
41%
impávido
41%
deste
40%

Distribuição das Pontuações

Percentil de Números Respondidos

Porcentagem de Pessoas com Cada Pontuação

Sua Pontuação Histórica

Você não jogou esse quiz